| 000 | 00461nam a2200145Ia 4500 | ||
|---|---|---|---|
| 008 | 170221s9999 xx 000 0 und d | ||
| 100 | _aHasnizam Shaari | ||
| 245 | _aBrand Resonance Behavior among Online Brand Community | ||
| 245 | _cHasnizam Shaari, Intan Shafinaz Ahmad | ||
| 260 | _bInternational Review of Management and Marketing | ||
| 260 | _c2017 | ||
| 300 | _a7 : 1 | ||
| 650 | _xMarketing. | ||
| 856 | _uhttp://www.econjournals.com/index.php/irmm | ||
| 999 |
_c308000 _d308000 |
||